000 00550nam a2200205 a 4500
005 20140310183517.0
008 110108s19uu xx 00 eng d
020 _a9780240812045
050 _aPN 2085
_b.H64 2010
100 _aHolloway,John
245 _aIllustrated theatre production guide. /
250 _a2nd
260 _aAmsterdam :
_bElsevier,
_c2010.
300 _a387 p.:
_bill. ;
_c27 cm.
521 _aMC
650 _aStage management.
650 _aTheatre stage setting and scenery.
942 _cBK
_2lcc
_kFOR
999 _c24323
_d24323